书目信息 |
| 题名: |
英语阅读
|
|
| 作者: | 赵文书 , 王守仁 , 康文凯 主编 | |
| 分册: | 1 学生用书 | |
| 出版信息: | 上海 上海外语教育出版社 2021.06 |
|
| 页数: | 273页 | |
| 开本: | 28cm | |
| 丛书名: | 新世纪高等院校英语专业本科生系列教材 | |
| 单 册: | ||
| 中图分类: | H319.37 | |
| 科图分类: | ||
| 主题词: | 英语--ying yu--阅读教学--高等学校--教材 | |
| 电子资源: | ||
| ISBN: | 978-7-5446-6619-0 | |
| 000 | 01414nam 2200313 450 | |
| 001 | 28712 | |
| 005 | 20221011081833.91 | |
| 010 | @a978-7-5446-6619-0@dCNY58.00 | |
| 100 | @a20210804d2021 em y0chiy50 ea | |
| 101 | 0 | @achi@aeng |
| 102 | @aCN@b310000 | |
| 105 | @aa z 000yy | |
| 200 | 1 | @a英语阅读@Aying yu yue du@h1@d= English book@h1@i学生用书@f主编赵文书, 王守仁@g本册主编赵文书, 康文凯, 王守仁@zeng |
| 205 | @a第3版 | |
| 210 | @a上海@c上海外语教育出版社@d2021.06 | |
| 215 | @a273页@c图@d28cm | |
| 225 | 2 | @a新世纪高等院校英语专业本科生系列教材@Axin shi ji gao deng yuan xiao ying yu zhuan ye ben ke sheng xi lie jiao cai@e修订版 |
| 330 | @a本系列图书为我社英语专业本科生教材的主干教材之一《泛读教程》的第3版修订。本书新增了创世纪神话、中国节日、冬奥会、太极、华为技术、中国领选的网购等内容, 加强了中西文化对比, 大大突出了中国文化自信, 很好地完成了有关中国语篇和教材主题及技能编写的融合。本书为阅读第一册。 | |
| 333 | @a“十二五”普通高等教育本科国家级规划教材 | |
| 410 | 0 | @12001 @a新世纪高等院校英语专业本科生系列教材 (修订版) |
| 510 | 1 | @aEnglish book@h1@zeng |
| 517 | 1 | @a学生用书@Axue sheng yong shu |
| 606 | 0 | @a英语@Aying yu@x阅读教学@x高等学校@j教材 |
| 690 | @aH319.37@v5 | |
| 701 | 0 | @a赵文书@Azhao wen shu@4主编 |
| 701 | 0 | @a王守仁@Awang shou ren@4主编 |
| 701 | 0 | @a康文凯@Akang wen kai@4主编 |
| 801 | 0 | @aCN@c20220910 |
| 905 | @a河南城建学院图书馆@dH319.37@eZ335=3:1@f2 | |
| 英语阅读.1= English book.1.学生用书/主编赵文书, 王守仁/本册主编赵文书, 康文凯, 王守仁.-第3版.-上海:上海外语教育出版社,2021.06 |
| 273页:图;28cm.-(新世纪高等院校英语专业本科生系列教材:修订版) |
| 使用对象:“十二五”普通高等教育本科国家级规划教材 |
| ISBN 978-7-5446-6619-0:CNY58.00 |
| 本系列图书为我社英语专业本科生教材的主干教材之一《泛读教程》的第3版修订。本书新增了创世纪神话、中国节日、冬奥会、太极、华为技术、中国领选的网购等内容, 加强了中西文化对比, 大大突出了中国文化自信, 很好地完成了有关中国语篇和教材主题及技能编写的融合。本书为阅读第一册。 |
| ● |
| 相关链接 |
|
|
|
正题名:英语阅读
索取号:H319.37/Z335=3:1
 
预约/预借
| 序号 | 登录号 | 条形码 | 馆藏地/架位号 | 状态 | 备注 |
| 1 | 1581798 | 215817980 | 语言库209/209语言库 43排5列5层/ [索取号:H319.37/Z335=3:1] | 在馆 | |
| 2 | 1581799 | 215817999 | 语言库209/209语言库 43排5列5层/ [索取号:H319.37/Z335=3:1] | 在馆 |